Pokemon TCG: Silver Tempest cards - Statistics

General Stats
  • This quiz has been taken 5 times
  • The average score is 56 of 245
Answer Stats
Hint Answer % Correct
138/195 (Colorless) | 185/195 (Colorless) (Full Art) | 186/195 (Colorless) (Alternate Art) Lugia V
100%
033/195 (Water) | 173/195 (Water) (Full Art) Alolan Vulpix V
75%
034/195 (Water) | 197/195 (Water) (Rainbow) Alolan Vulpix VSTAR
75%
139/195 (Colorless) | 202/195 (Colorless) (Rainbow) | 211/195 (Colorless) (Gold) Lugia VSTAR
75%
049/195 (Lightning) Pikachu
50%
016/195 (Grass) Radiant Tsareena
50%
135/195 (Dragon) | 183/195 (Dragon) (Full Art) | 184/195 (Dragon) (Alternate Art) Regidrago V
50%
136/195 (Dragon) | 201/195 (Dragon) (Rainbow) Regidrago VSTAR
50%
057/195 (Lightning) | 175/195 (Lightning) (Full Art) Regieleki V
50%
058/195 (Lightning) | 198/195 (Lightning) (Rainbow) Regieleki VMAX
50%
TG07/TG30 (Fighting) Rockruff
50%
007/195 (Grass) | 170/195 (Grass) (Full Art) | TG13/TG30 (Grass) Serperior V
50%
008/195 (Grass) | 196/195 (Grass) (Rainbow) | 210/195 (Grass) (Gold) Serperior VSTAR
50%
137/195 (Colorless) | TG10/TG30 (Colorless) Smeargle
50%
012/195 (Grass) Amoonguss
25%
146/195 (Colorless) Archen
25%
147/195 (Colorless) Archeops
25%
004/195 (Grass) Ariados
25%
TG14/TG30 (Fire) Blaziken V
25%
TG15/TG30 (Fire) Blaziken VMAX
25%
TG22/TG30 (Colorless) Blissey V
25%
026/195 (Fire) | TG01/TG30 (Fire) Braixen
25%
151/195 (Supporter) | 188/195 (Supporter) (Full Art) | 203/195 (Supporter) (Rainbow) Brandon
25%
144/195 (Colorless) Buneary
25%
152/195 (Supporter) | 189/195 (Supporter) (Full Art) | 204/195 (Supporter) (Rainbow) Candice
25%
153/195 (Item) Capturing Aroma
25%
015/195 (Grass) | 171/195 (Grass) (Full Art) Chesnaught V
25%
051/195 (Lightning) Chinchou
25%
126/195 (Metal) Cobalion
25%
TG18/TG30 (Metal) Corviknight V
25%
TG19/TG30 (Metal) Corviknight VMAX
25%
105/195 (Darkness) Crobat
25%
085/195 (Psychic) Dedenne
25%
027/195 (Fire) Delphox
25%
130/195 (Dragon) Dragonair
25%
131/195 (Dragon) Dragonite
25%
129/195 (Dragon) Dratini
25%
060/195 (Psychic) Drowzee
25%
TG09/TG30 (Dragon) Druddigon
25%
TG21/TG30 (Dragon) | TG30/TG30 (Dragon) Duraludon VMAX
25%
013/195 (Grass) Durant
25%
154/195 (Tool) Earthen Seal Stone
25%
155/195 (Tool) Emergency Jelly
25%
054/195 (Lightning) Emolga
25%
039/195 (Water) Feebas
25%
025/195 (Fire) Fennekin
25%
121/195 (Metal) Ferroseed
25%
122/195 (Metal) Ferrothorn
25%
TG03/TG30 (Lightning) Flaaffy
25%
028/195 (Fire) Fletchinder
25%
150/195 (Colorless) Fletchling
25%
011/195 (Grass) Foongus
25%
156/195 (Tool) Forest Seal Stone
25%
TG23/TG30 (Supporter) Friends in Galar
25%
043/195 (Water) Froslass
25%
157/195 (Supporter) | 190/195 (Supporter) (Full Art) | 205/195 (Supporter) (Rainbow) Furisode Girl
25%
213/195 (Stadium) (Gold) Gapejaw Bog
25%
069/195 (Psychic) | TG05/TG30 (Psychic) Gardevoir
25%
042/195 (Water) Glalie
25%
104/195 (Darkness) Golbat
25%
TG24/TG30 (Supporter) Gordie
25%
158/195 (Supporter) | 191/195 (Supporter) (Full Art) Gym Trainer
25%
010/195 (Grass) Hisuian Lilligant
25%
061/195 (Psychic) Hypno
25%
032/195 (Fire) Incineroar
25%
TG25/TG30 (Supporter) Judge
25%
062/195 (Psychic) | TG04/TG30 (Psychic) Jynx
25%
046/195 (Water) Keldeo
25%
068/195 (Psychic) Kirlia
25%
124/195 (Metal) Klang
25%
123/195 (Metal) Klink
25%
125/195 (Metal) Klinklang
25%
TG12/TG30 (Grass) Kricketune V
25%
112/195 (Darkness) Krokorok
25%
113/195 (Darkness) Krookodile
25%
159/195 (Supporter) | 192/195 (Supporter) (Full Art) | 206/195 (Supporter) (Rainbow) Lance
25%
052/195 (Lightning) Lanturn
25%
160/195 (Tool) | 214/195 (Tool) (Gold) Leafy Camo Poncho
25%
030/195 (Fire) Litten
25%
145/195 (Colorless) Lopunny
25%
128/195 (Metal) | 182/195 (Metal) (Full Art) Magearna V
25%
TG06/TG30 (Psychic) Malamar
25%
114/195 (Darkness) Mareanie
25%
070/195 (Psychic) | 178/195 (Psychic) (Full Art) | TG17/TG30 (Psychic) Mawile V
25%
071/195 (Psychic) | 200/195 (Psychic) (Rainbow) Mawile VSTAR
25%
040/195 (Water) | TG02/TG30 (Water) Milotic
25%
116/195 (Darkness) Morpeko
25%
018/195 (Fire) Ninetales
25%
132/195 (Dragon) Noibat
25%
133/195 (Dragon) Noivern
25%
TG08/TG30 (Fighting) Passimian
25%
009/195 (Grass) Petilil
25%
TG26/TG30 (Supporter) Professor Burnet
25%
059/195 (Psychic) Radiant Alakazam
25%
120/195 (Metal) Radiant Jirachi
25%
050/195 (Lightning) Raichu
25%
TG27/TG30 (Supporter) Raihan
25%
067/195 (Psychic) Ralts
25%
TG20/TG30 (Dragon) | TG29/TG30 (Dragon) Rayquaza VMAX
25%
168/195 (Special Energy) Regenerative Energy
25%
024/195 (Fire) | 172/195 (Fire) (Full Art) Reshiram V
25%
111/195 (Darkness) Sandile
25%
164/195 (Supporter) | 193/195 (Supporter) (Full Art) | 207/195 (Supporter) (Rainbow) Serena
25%
075/195 (Psychic) Sigilyph
25%
084/195 (Psychic) Slurpuff
25%
041/195 (Water) Snorunt
25%
003/195 (Grass) Spinarak
25%
055/195 (Lightning) Stunfisk
25%
006/195 (Grass) Sunflora
25%
005/195 (Grass) Sunkern
25%
083/195 (Psychic) Swirlix
25%
029/195 (Fire) Talonflame
25%
097/195 (Fighting) Terrakion
25%
127/195 (Metal) Togedemaru
25%
031/195 (Fire) Torracat
25%
115/195 (Darkness) Toxapex
25%
165/195 (Item) Unidentified Fossil
25%
065/195 (Psychic) | 176/195 (Psychic) (Full Art) | 177/195 (Psychic) (Alternate Art) Unown V
25%
066/195 (Psychic) | 199/195 (Psychic) (Rainbow) Unown VSTAR
25%
102/195 (Fighting) Ursaluna V
25%
002/195 (Grass) Venomoth
25%
001/195 (Grass) Venonat
25%
169/195 (Special Energy) | 215/195 (Special Energy) (Gold) V Guard Energy
25%
023/195 (Fire) Victini
25%
014/195 (Grass) Virizion
25%
017/195 (Fire) Vulpix
25%
037/195 (Water) Wailmer
25%
038/195 (Water) Wailord
25%
166/195 (Supporter) | 194/195 (Supporter) (Full Art) | 208/195 (Supporter) (Rainbow) Wallace
25%
167/195 (Supporter) | 195/195 (Supporter) (Full Art) | 209/195 (Supporter) (Rainbow) Worker
25%
056/195 (Lightning) Zeraora
25%
TG16/TG30 (Lightning) Zeraora V
25%
103/195 (Darkness) Zubat
25%
134/195 (Dragon) Zygarde
25%
143/195 (Colorless) | TG11/TG30 (Colorless) Altaria
0%
095/195 (Fighting) Anorith
0%
048/195 (Water) Araquanid
0%
020/195 (Fire) Arcanine
0%
096/195 (Fighting) Armaldo
0%
036/195 (Water) Articuno
0%
093/195 (Fighting) Baltoy
0%
080/195 (Psychic) Beheeyem
0%
117/195 (Metal) Beldum
0%
074/195 (Psychic) Chimecho
0%
094/195 (Fighting) Claydol
0%
109/195 (Darkness) Croagunk
0%
047/195 (Water) Dewpider
0%
092/195 (Fighting) Donphan
0%
089/195 (Psychic) Dragapult
0%
088/195 (Psychic) Drakloak
0%
087/195 (Psychic) Dreepy
0%
077/195 (Psychic) Duosion
0%
079/195 (Psychic) Elgyem
0%
212/195 (Item) (Gold) Energy Search
0%
081/195 (Psychic) Espurr
0%
019/195 (Fire) Growlithe
0%
098/195 (Fighting) Hawlucha
0%
090/195 (Fighting) | 179/195 (Fighting) (Full Art) Hisuian Arcanine V
0%
149/195 (Colorless) Hisuian Braviary
0%
107/195 (Darkness) Honchkrow
0%
140/195 (Colorless) | 187/195 (Colorless) (Full Art) Ho-Oh V
0%
086/195 (Psychic) Indeedee
0%
073/195 (Psychic) Medicham
0%
072/195 (Psychic) Meditite
0%
082/195 (Psychic) Meowstic
0%
119/195 (Metal) Metagross
0%
118/195 (Metal) Metang
0%
063/195 (Psychic) Misdreavus
0%
064/195 (Psychic) Mismagius
0%
106/195 (Darkness) Murkrow
0%
035/195 (Water) | 174/195 (Water) (Full Art) Omastar V
0%
100/195 (Fighting) Palossand
0%
091/195 (Fighting) Phanpy
0%
045/195 (Water) Phione
0%
021/195 (Fire) Ponyta
0%
161/195 (Stadium) Primordial Altar
0%
162/195 (Supporter) Professor Laventon
0%
163/195 (Item) Quad Stone
0%
022/195 (Fire) Rapidash
0%
044/195 (Water) Relicanth
0%
078/195 (Psychic) Reuniclus
0%
053/195 (Lightning) Rotom
0%
148/195 (Colorless) Rufflet
0%
099/195 (Fighting) Sandygast
0%
108/195 (Darkness) | 180/195 (Darkness) (Full Art) | 181/195 (Darkness) (Alternate Art) Skuntank V
0%
076/195 (Psychic) Solosis
0%
TG28/TG30 (Supporter) Sordward & Shielbert
0%
141/195 (Colorless) Spinda
0%
101/195 (Fighting) Stonjourner
0%
142/195 (Colorless) Swablu
0%
110/195 (Darkness) Toxicroak
0%
No matching quizzes found
Score Distribution
Percent of People with Each Score
Percentile by Number Answered
Your Score History
You have not taken this quiz